Представление документа в формате MARC21

Поле Инд. ПП Название Значение
Тип записи a
Библиографический уровень m
001 Контрольный номер 55ba3073-b11e-485f-8a65-10047b57f2d2
005 Дата корректировки 20140703165751.4
008 Кодируемые данные 080910
020 a ISBN 978-5-469-01524-6
c Цена, тираж 232.20
040 a Служба первич. каталог. НБ ТвГУ
041 a Код языка текста rus
080 a Индекс УДК 343.3/.7(470)(075.8)
084 a Индекс другой классификации/Индекс ББК Х408.1я73-1
090 a Полочн. индекс Х408.1
x Авторский знак Р76
245 10 a Заглавие Российское уголовное право. Особенная часть
b Продолж. заглавия учеб. для студентов вузов, обучающихся по направлению "Юриспруденция" и специальности "Юриспруденция"
c Ответственность [С. В. Землюков и др.] ; отв. ред. В. С. Комиссаров
260 0_ a Место издания Москва [и др.]
b Издательство Питер
c Дата издания 2008
300 a Объем 718 с.
440 a Серия Учебник для вузов
500 a Примечание Авт. указаны на обороте тит. л.
504 a Библиография Библиогр. в подстроч. примеч.
583 a Действие Получение впервые 195 08.09.2008
k Исполнитель действия ООО "Питер Пресс"
650 a Основная рубрика Уголовное право
x Основная подрубрика Особенная часть
x Основная подрубрика Учебники для вузов
z Географическая подрубрика Российская Федерация
653 a Ключевые слова Особенная часть уголовного права
a Ключевые слова Уголовное право
700 1_ a Другие авторы Комиссаров Владимир Сергеевич
e Роль лиц авт., ред.
700 1_ a Другие авторы Землюков С. В.
e Роль лиц авт.
700 2_ a Другие авторы Иногамова-Хегай Л. В.
e Роль лиц авт.
700 1_ a Другие авторы Коняхин В. П.
e Роль лиц авт.
852 t Порядковый номер экземпляра 5
p Инвентарный номер 917739
p Инвентарный номер 917740
p Инвентарный номер 917741
p Инвентарный номер 917742
p Инвентарный номер 917743
863 t 00233300
863 t 00233301
863 t 00233302
863 t 00233303
863 t 00233304
888 a За счет средств университета
930 a Новая/Ретро учебники
952 p 195.2008 232.20 1 917739
p 195.2008 232.20 1 917740
p 195.2008 232.20 1 917741
p 195.2008 232.20 1 917742
p 195.2008 232.20 1 917743
c Вид литературы К ру
954 a Дата поступления на обработку 20080910
999 a Подразделение 2 Фил1